[Event "Quebec-ch 1/2 final"]
[Site "Montreal CAN"]
[Date "2003.??.??"]
[Round "1"]
[White "Audet-Bouchard, Nicolas"]
[Black "Papineau (Granby), Daniel"]
[Result "1-0"]
[WhiteElo "2128"]
[BlackElo "1907"]
[PlyCount "61"]
[EventDate "2003.06.13"]
[EventType "swiss"]
[EventRounds "5"]
[EventCountry "CAN"]

1. e4 d5 2. exd5 Nf6 3. d4 Bg4 4. Bb5+ Nbd7 5. Be2 Bxe2 6. Qxe2 Nxd5 7. Nf3 c6
8. O-O e6 9. c4 N5f6 10. Nc3 Nb6 11. Bg5 Be7 12. Rad1 O-O 13. Rfe1 Re8 14. Ne5
Qc7 15. Qf3 Rf8 16. Bxf6 Bxf6 17. Ng4 Be7 18. c5 Nd5 19. Nxd5 cxd5 20. b4 a5
21. b5 a4 22. b6 Qd8 23. Rb1 Re8 24. c6 Bd6 25. c7 Qg5 26. g3 f6 27. Ne3 Ra5
28. Rec1 Rc8 29. Nc4 dxc4 30. Qxb7 Raa8 31. Qxa8 1-0

[Event "Quebec-ch 1/2 final"]
[Site "Montreal CAN"]
[Date "2003.??.??"]
[Round "1"]
[White "Beaulieu, Eric"]
[Black "Singher, Jean-Pierre"]
[Result "1-0"]
[WhiteElo "2237"]
[BlackElo "1999"]
[PlyCount "113"]
[EventDate "2003.06.13"]
[EventType "swiss"]
[EventRounds "5"]
[EventCountry "CAN"]

1. d4 Nf6 2. c4 e6 3. Nf3 d5 4. Nc3 c6 5. e3 Nbd7 6. Qc2 Be7 7. b3 O-O 8. Bd3
b6 9. Ne5 Bb7 10. O-O Rc8 11. e4 dxc4 12. Nxc4 b5 13. Ne3 b4 14. Na4 c5 15. e5
cxd4 16. exf6 Rxc2 17. fxe7 Qxe7 18. Nxc2 Ne5 19. Ne1 Qh4 20. f3 f5 21. Nc5 Bd5
22. g3 Qe7 23. Na4 Qb7 24. Kg2 Rc8 25. Rf2 Kf7 26. Bf4 Ng4 27. Re2 h6 28. Rc1
g5 29. Rxc8 Qxc8 30. Rc2 Qa8 31. Rc7+ Kg6 32. h3 gxf4 33. hxg4 Kf6 34. Rh7 fxg4
35. Rxh6+ Kf7 36. gxf4 gxf3+ 37. Kf2 Qc6 38. Nc2 Be4 39. Nxd4 Qd5 40. Bxe4 Qxe4
41. Nxf3 Qxf4 42. Rh4 Qf5 43. Rc4 Qb1 44. Nc5 Qxa2+ 45. Ke3 a5 46. Ne5+ Ke7 47.
Nc6+ Kf6 48. Rf4+ Kg5 49. Nxe6+ Kh5 50. Nxa5 Qa1 51. Nd4 Kg5 52. Rf5+ Kg4 53.
Nac6 Qc3+ 54. Ke4 Qd2 55. Ne5+ Kh3 56. Rh5+ Kg2 57. Rh2+ 1-0

[Event "Quebec-ch 1/2 final"]
[Site "Montreal CAN"]
[Date "2003.??.??"]
[Round "1"]
[White "Bolduc, Steve"]
[Black "Gauthier, Denis"]
[Result "1-0"]
[WhiteElo "2296"]
[BlackElo "2003"]
[PlyCount "65"]
[EventDate "2003.06.13"]
[EventType "swiss"]
[EventRounds "5"]
[EventCountry "CAN"]

1. d4 Nf6 2. c4 e6 3. Nf3 b6 4. Nc3 Bb4 5. Bg5 Bb7 6. Qb3 c5 7. a3 Ba5 8. e3
O-O 9. Be2 h6 10. Bh4 d5 11. dxc5 Nbd7 12. cxb6 Nc5 13. Qc2 dxc4 14. O-O Bxb6
15. Bxc4 Rc8 16. Qe2 Qe7 17. Rfd1 Nce4 18. Nxe4 Bxe4 19. Bd3 Bb7 20. Ne5 g5 21.
Bg3 Rfd8 22. Nc4 Bc7 23. Bxc7 Qxc7 24. b3 Ne4 25. Rac1 Nc5 26. Bc2 Ba6 27. h4
Bb5 28. hxg5 hxg5 29. Qh5 f6 30. Qg6+ Qg7 31. Qxg7+ Kxg7 32. Nd6 Nxb3 33. Nxc8
1-0

[Event "Quebec-ch 1/2 final"]
[Site "Montreal CAN"]
[Date "2003.??.??"]
[Round "1"]
[White "Libersan, Mattieu"]
[Black "Cazelais, Marc"]
[Result "0-1"]
[WhiteElo "1938"]
[BlackElo "2186"]
[PlyCount "46"]
[EventDate "2003.06.13"]
[EventType "swiss"]
[EventRounds "5"]
[EventCountry "CAN"]

1. e4 c5 2. b4 d6 3. Nf3 Nf6 4. Bc4 Nxe4 5. d3 Nf6 6. bxc5 dxc5 7. O-O e6 8.
Nc3 Be7 9. Bb2 O-O 10. Ne2 Nc6 11. Ng3 Na5 12. Bb3 b5 13. Ne5 Bb7 14. Nxf7 Kxf7
15. Bxf6 Kxf6 16. Qg4 Nxb3 17. axb3 g6 18. Rfe1 Qd5 19. Re4 Kg7 20. c4 Qxd3 21.
Rxe6 Rf7 22. Rd1 Qc2 23. Ree1 Qxf2+ 0-1

[Event "Quebec-ch 1/2 final"]
[Site "Montreal CAN"]
[Date "2003.??.??"]
[Round "1"]
[White "Marcone, Malcom"]
[Black "Feoktistov, Dmitri"]
[Result "0-1"]
[WhiteElo "2048"]
[BlackElo "2304"]
[PlyCount "60"]
[EventDate "2003.06.13"]
[EventType "swiss"]
[EventRounds "5"]
[EventCountry "CAN"]

1. d4 Nf6 2. c4 e6 3. Nc3 d5 4. cxd5 exd5 5. Bg5 Nbd7 6. e3 c6 7. Bd3 Be7 8.
Qc2 O-O 9. Nge2 Re8 10. O-O-O Nf8 11. Kb1 Be6 12. Nf4 Rc8 13. Nxe6 fxe6 14. Qe2
Ne4 15. Bxe4 Bxg5 16. f4 Bf6 17. Bc2 c5 18. Bb3 a6 19. Qf3 b5 20. a3 c4 21. Bc2
Be7 22. f5 b4 23. axb4 Bxb4 24. fxe6 Bxc3 25. bxc3 Rxe6 26. Kc1 Rf6 27. Qh5 Qa5
28. e4 Qa3+ 29. Kd2 Rf2+ 30. Ke3 Rxc2 0-1

[Event "Quebec-ch 1/2 final"]
[Site "Montreal CAN"]
[Date "2003.??.??"]
[Round "1"]
[White "Ouellet-Leveille, Clement"]
[Black "Charbonneau, Anne-Marie"]
[Result "0-1"]
[WhiteElo "1888"]
[BlackElo "2095"]
[PlyCount "100"]
[EventDate "2003.06.13"]
[EventType "swiss"]
[EventRounds "5"]
[EventCountry "CAN"]

1. e4 c5 2. b3 e6 3. Bb2 Nc6 4. f4 Nf6 5. Nc3 d6 6. g4 a6 7. Bg2 Qc7 8. g5 Nd7
9. Qg4 b5 10. Qh3 Bb7 11. g6 Nf6 12. O-O-O Qd7 13. gxf7+ Qxf7 14. Nf3 Nd4 15.
e5 Nh5 16. Ng5 Qg6 17. f5 Qxg5 18. Bxb7 Ra7 19. Be4 d5 20. Rhg1 Nf4 21. Qe3
Nfe2+ 22. Nxe2 Qxe3 23. dxe3 Nxe2+ 24. Kd2 Nxg1 25. Bg2 Rf7 26. Rxg1 Rxf5 27.
Ke2 Rh5 28. h3 g6 29. c4 Bg7 30. cxd5 Bxe5 31. Bxe5 Rxe5 32. d6 Kd7 33. Rd1 Rb8
34. e4 Rb6 35. Rf1 Kxd6 36. Rf7 Rh5 37. Kd3 c4+ 38. bxc4 bxc4+ 39. Kxc4 Rb2 40.
Bf3 Rxh3 41. Bg4 Rg3 42. Bd1 h5 43. Bb3 Rbxb3 44. axb3 h4 45. b4 h3 46. Rh7 Ke5
47. Kc5 Kxe4 48. Rh4+ Kf3 49. Kb6 Kg2 50. Kxa6 h2 0-1

[Event "Quebec-ch 1/2 final"]
[Site "Montreal CAN"]
[Date "2003.??.??"]
[Round "1"]
[White "Plante, Michel"]
[Black "Hua, Lefong"]
[Result "0-1"]
[WhiteElo "1999"]
[BlackElo "2295"]
[PlyCount "116"]
[EventDate "2003.06.13"]
[EventType "swiss"]
[EventRounds "5"]
[EventCountry "CAN"]

1. d4 Nf6 2. Nf3 c5 3. e3 b6 4. Bd3 g6 5. O-O Bg7 6. Nbd2 O-O 7. b3 Bb7 8. Bb2
d6 9. Qe2 Nbd7 10. c4 Re8 11. Rfd1 Qc7 12. Rac1 cxd4 13. Nxd4 a6 14. e4 Nc5 15.
Bb1 Rac8 16. f3 Qb8 17. Nf1 Bh6 18. Rc3 Ba8 19. Ng3 e5 20. Nc2 b5 21. cxb5 axb5
22. Nb4 Qb6 23. Kh1 Rc7 24. Nd3 Bb7 25. Qf2 Rec8 26. b4 Na4 27. Qxb6 Nxb6 28.
Rxc7 Rxc7 29. Bc1 Bf8 30. Bg5 Kg7 31. Rc1 Rxc1+ 32. Bxc1 Nc4 33. Kg1 Bc6 34.
Kf2 d5 35. exd5 Nxd5 36. a3 f5 37. Ba2 Kf6 38. Ne2 Ndb6 39. Nc3 e4 40. fxe4
fxe4 41. Nc5 Ke5 42. Bb1 Bxc5+ 43. bxc5 Nd7 44. Ba2 Nxc5 45. Bxc4 bxc4 46. Ke3
Nd3 47. Bd2 Nf4 48. g3 Ne6 49. a4 Nd4 50. a5 Nc2+ 51. Ke2 Kd4 52. Nd1 Kc5 53.
Bc3 Nd4+ 54. Ke3 Nb5 55. Be1 Na3 56. Nc3 Nc2+ 57. Kd2 Nxe1 58. Kxe1 Kb4 0-1

[Event "Quebec-ch 1/2 final"]
[Site "Montreal CAN"]
[Date "2003.??.??"]
[Round "1"]
[White "Trottier, Yves"]
[Black "Lavoie, Benoit"]
[Result "1-0"]
[WhiteElo "2093"]
[BlackElo "1456"]
[PlyCount "129"]
[EventDate "2003.06.13"]
[EventType "swiss"]
[EventRounds "5"]
[EventCountry "CAN"]

1. e4 e5 2. Nf3 d6 3. Nc3 c6 4. d4 exd4 5. Qxd4 Nf6 6. Bf4 Be7 7. O-O-O O-O 8.
Bxd6 Bxd6 9. Qxd6 Qa5 10. Bc4 Bg4 11. e5 Ne8 12. Qd4 Bxf3 13. gxf3 Qb6 14. Qh4
Qc7 15. Rhe1 Na6 16. e6 fxe6 17. Bxe6+ Kh8 18. Rd7 Qf4+ 19. Qxf4 Rxf4 20. Rxb7
Nc5 21. Re7 Nxe6 22. R7xe6 Nf6 23. R6e3 Kg8 24. Kd2 Rf8 25. Ke2 Nd5 26. Nxd5
cxd5 27. Rd1 d4 28. Red3 Rd8 29. Kf1 Rc8 30. R1d2 Rcf8 31. Kg2 g5 32. Rxd4 Rxf3
33. c4 Kg7 34. c5 h5 35. c6 R3f7 36. Rd7 Rc8 37. Rc2 Rxd7 38. cxd7 Rd8 39. Rc7
a5 40. Kf3 Kf6 41. Ke4 Ke6 42. Ra7 Rxd7 43. Rxd7 Kxd7 44. Kf5 Kd6 45. Kxg5 Kd5
46. f4 a4 47. f5 Kd4 48. f6 Kd3 49. f7 Kc2 50. f8=Q Kxb2 51. Qf7 h4 52. Kxh4 a3
53. Kg4 Kc2 54. h4 Kc3 55. h5 Kd4 56. h6 Kd3 57. h7 Ke4 58. h8=R Kd3 59. Qf3+
Kc4 60. Kg3 Kd4 61. Rh4+ Ke5 62. Qf4+ Ke6 63. Rh5 Ke7 64. Rh6 Ke8 65. Qc7 1-0

[Event "Quebec-ch 1/2 final"]
[Site "Montreal CAN"]
[Date "2003.??.??"]
[Round "2"]
[White "Cazelais, Marc"]
[Black "Cloutier, Mario"]
[Result "1-0"]
[WhiteElo "2186"]
[BlackElo "2001"]
[PlyCount "59"]
[EventDate "2003.06.13"]
[EventType "swiss"]
[EventRounds "5"]
[EventCountry "CAN"]

1. e4 e5 2. Nc3 Nf6 3. Bc4 Bc5 4. d3 c6 5. Nf3 d6 6. Bg5 b5 7. Bxf6 Qxf6 8.
Nxb5 d5 9. Nc7+ Kd8 10. Nxa8 dxc4 11. dxc4+ Qd6 12. Nxe5 Be6 13. Qxd6+ Bxd6 14.
O-O-O Ke7 15. Nd3 Nd7 16. c5 Nxc5 17. Nxc5 Bxc5 18. Nc7 Bc8 19. Rd3 Bb6 20. Ra3
a5 21. Na8 Bxf2 22. Rxa5 Bb7 23. Nc7 Bb6 24. Re5+ Kd7 25. Ne8 Be3+ 26. Kb1 Bf4
27. Rd1+ Kc8 28. Nd6+ Kb8 29. Rf5 Bxh2 30. Nxb7 1-0

[Event "Quebec-ch 1/2 final"]
[Site "Montreal CAN"]
[Date "2003.??.??"]
[Round "2"]
[White "Charbonneau, Anne-Marie"]
[Black "Bolduc, Steve"]
[Result "1/2-1/2"]
[WhiteElo "2095"]
[BlackElo "2296"]
[PlyCount "80"]
[EventDate "2003.06.13"]
[EventType "swiss"]
[EventRounds "5"]
[EventCountry "CAN"]

1. d4 Nf6 2. c4 c6 3. Nf3 d5 4. e3 e6 5. Nc3 Be7 6. Qc2 a6 7. b3 dxc4 8. bxc4
c5 9. Bd3 Nc6 10. dxc5 Bxc5 11. a3 O-O 12. O-O h6 13. Bb2 Qe7 14. e4 e5 15. Nd5
Qd6 16. h3 Bd7 17. Rfd1 Rac8 18. Bf1 Nxd5 19. exd5 Nd4 20. Nxd4 exd4 21. Bxd4
Bxa3 22. Qc3 Bb4 23. Qb2 f6 24. Rd3 b5 25. Rb3 a5 26. cxb5 Qxd5 27. Bc3 Bd6 28.
Bxa5 Be5 29. Bc3 Be6 30. Rba3 Rxc3 31. Rxc3 Qd4 32. Rac1 Ra8 33. Qe2 Ra2 34.
Qf3 Rxf2 35. Qe3 Rb2 36. Kh1 Qxe3 37. Rxe3 Bf4 38. Rxe6 Bxc1 39. Re1 Bf4 40.
Bd3 g5 1/2-1/2

[Event "Quebec-ch 1/2 final"]
[Site "Montreal CAN"]
[Date "2003.??.??"]
[Round "2"]
[White "Feoktistov, Dmitri"]
[Black "Audet-Bouchard, Nicolas"]
[Result "1-0"]
[WhiteElo "2304"]
[BlackElo "2128"]
[PlyCount "61"]
[EventDate "2003.06.13"]
[EventType "swiss"]
[EventRounds "5"]
[EventCountry "CAN"]

1. d4 Nf6 2. c4 e6 3. Nc3 Bb4 4. Nf3 b6 5. Bg5 h6 6. Bh4 Bb7 7. e3 g5 8. Bg3
Ne4 9. Rc1 d6 10. Bd3 Bxc3+ 11. bxc3 Nd7 12. O-O h5 13. Bxe4 Bxe4 14. h4 Bxf3
15. Qxf3 gxh4 16. Bxh4 f6 17. c5 bxc5 18. dxc5 Kf7 19. cxd6 Ne5 20. Qb7 Qxd6
21. Rcd1 Qc5 22. Qe4 f5 23. Qf4 Rag8 24. f3 Rg7 25. Rd2 Rhg8 26. Kh1 Qxc3 27.
Rfd1 Qc5 28. Qh6 Rf8 29. Rd7+ Nxd7 30. Rxd7+ Ke8 31. Qxe6+ 1-0

[Event "Quebec-ch 1/2 final"]
[Site "Montreal CAN"]
[Date "2003.??.??"]
[Round "2"]
[White "Gauthier, Denis"]
[Black "Libersan, Mattieu"]
[Result "1-0"]
[WhiteElo "2003"]
[BlackElo "1938"]
[PlyCount "55"]
[EventDate "2003.06.13"]
[EventType "swiss"]
[EventRounds "5"]
[EventCountry "CAN"]

1. d4 d5 2. c4 e5 3. dxe5 d4 4. Nf3 Nc6 5. g3 Bf5 6. Bg2 Qd7 7. O-O Bh3 8. Nbd2
f6 9. exf6 Nxf6 10. Qb3 O-O-O 11. Ne5 Qe6 12. Nxc6 bxc6 13. Nf3 Bxg2 14. Kxg2
Bc5 15. Qd3 Rhe8 16. Re1 Ne4 17. a3 Qf6 18. b4 Nxf2 19. Kxf2 Re3 20. Qxh7 Rxf3+
21. exf3 d3+ 22. bxc5 Qxa1 23. Qf5+ Kb8 24. Bd2 Qd4+ 25. Kg2 Qxc4 26. Rb1+ Ka8
27. Qf4 Qc2 28. Qb4 1-0

[Event "Quebec-ch 1/2 final"]
[Site "Montreal CAN"]
[Date "2003.??.??"]
[Round "2"]
[White "Hua, Lefong"]
[Black "Trottier, Yves"]
[Result "1-0"]
[WhiteElo "2295"]
[BlackElo "2093"]
[PlyCount "63"]
[EventDate "2003.06.13"]
[EventType "swiss"]
[EventRounds "5"]
[EventCountry "CAN"]

1. d4 d5 2. c4 e6 3. Nc3 Be7 4. cxd5 exd5 5. Bf4 Nf6 6. e3 O-O 7. Bd3 a6 8. h3
Nbd7 9. Nf3 Re8 10. O-O Nf8 11. Qc2 Bd6 12. Bg5 c6 13. e4 dxe4 14. Nxe4 Be7 15.
Bxf6 Bxf6 16. Rfe1 Be6 17. Nc5 Qc8 18. Ne5 Ng6 19. Nxe6 Rxe6 20. Bf5 Bxe5 21.
dxe5 Qe8 22. Bxe6 Qxe6 23. Qc5 Rd8 24. Rad1 Rxd1 25. Rxd1 h6 26. Qb6 Qe7 27.
Qd8+ Qxd8 28. Rxd8+ Kh7 29. Re8 Nf4 30. Re7 Nd3 31. Rxb7 Nxe5 32. Ra7 1-0

[Event "Quebec-ch 1/2 final"]
[Site "Montreal CAN"]
[Date "2003.??.??"]
[Round "2"]
[White "Lavoie, Benoit"]
[Black "Plante, Michel"]
[Result "1/2-1/2"]
[WhiteElo "1456"]
[BlackElo "1999"]
[PlyCount "99"]
[EventDate "2003.06.13"]
[EventType "swiss"]
[EventRounds "5"]
[EventCountry "CAN"]

1. c4 e6 2. d4 d5 3. cxd5 exd5 4. Nf3 c6 5. g3 Bf5 6. Bg2 Bd6 7. O-O Nf6 8. Nc3
Nbd7 9. Bg5 h6 10. Bd2 O-O 11. Qc1 Re8 12. Bf4 Qc7 13. Bxd6 Qxd6 14. e3 Re7 15.
Re1 Rae8 16. Nh4 Bh7 17. Bh3 g6 18. f3 c5 19. Qd2 Qb6 20. Bxd7 Rxd7 21. Na4 Qb4
22. Qxb4 cxb4 23. Nc5 Rc7 24. Kf2 g5 25. Ng2 Rec8 26. Rac1 b6 27. Nb3 Bc2 28.
g4 a5 29. Na1 a4 30. Re2 Bd3 31. Rxc7 Rxc7 32. Rd2 Bb1 33. b3 a3 34. Ne1 Rc3
35. Ke2 Nd7 36. Nd3 Bxd3+ 37. Rxd3 Rc8 38. Kd2 Nb8 39. Nc2 Na6 40. e4 Rd8 41.
Ne3 Nc7 42. Nf5 Kh7 43. e5 Rd7 44. Nd6 Ne6 45. Ne8 Kg6 46. Nf6 Rd8 47. Nh5 Nf4
48. Nxf4+ gxf4 49. h4 Rc8 50. Kd1 1/2-1/2

[Event "Quebec-ch 1/2 final"]
[Site "Montreal CAN"]
[Date "2003.??.??"]
[Round "2"]
[White "Papineau (Granby), Daniel"]
[Black "Marcone, Malcom"]
[Result "1-0"]
[WhiteElo "1907"]
[BlackElo "2048"]
[PlyCount "87"]
[EventDate "2003.06.13"]
[EventType "swiss"]
[EventRounds "5"]
[EventCountry "CAN"]

1. d4 e6 2. c4 f5 3. g3 Nf6 4. Bg2 c6 5. Nf3 d5 6. O-O Bd6 7. Nc3 O-O 8. c5 Bc7
9. Bf4 Bxf4 10. gxf4 Bd7 11. Rb1 Be8 12. Qc2 Nbd7 13. b4 Ne4 14. Ne1 g5 15. e3
Bh5 16. f3 Nxc3 17. Qxc3 Kh8 18. a4 Rg8 19. b5 gxf4 20. exf4 Qc7 21. Qe3 Bf7
22. Nd3 Rg6 23. Rf2 Rag8 24. bxc6 bxc6 25. Ne5 Nxe5 26. Qxe5+ Qxe5 27. fxe5
R6g7 28. Kh1 Bh5 29. Rb3 f4 30. a5 Bg6 31. Rfb2 Bf5 32. Rb7 Rxb7 33. Rxb7 Rg7
34. Rb3 Bc2 35. Rb2 Bd3 36. Bh3 Re7 37. Rb8+ Kg7 38. Kg2 Kf7 39. Bg4 Ba6 40.
Kh3 Kg7 41. Kh4 Kh6 42. Rf8 Rb7 43. Rf6+ Kg7 44. Rxe6 1-0

[Event "Quebec-ch 1/2 final"]
[Site "Montreal CAN"]
[Date "2003.??.??"]
[Round "2"]
[White "Singher, Jean-Pierre"]
[Black "Ouellet-Leveille, Clement"]
[Result "0-1"]
[WhiteElo "1999"]
[BlackElo "1888"]
[PlyCount "52"]
[EventDate "2003.06.13"]
[EventType "swiss"]
[EventRounds "5"]
[EventCountry "CAN"]

1. d4 Nf6 2. c4 e6 3. Nf3 Bb4+ 4. Nbd2 b6 5. g3 Ba6 6. Qc2 O-O 7. Bg2 d5 8. O-O
c6 9. Ne5 Nfd7 10. Ndf3 f6 11. cxd5 cxd5 12. Nc6 Nxc6 13. Qxc6 Qe7 14. Bh3 Rfe8
15. Bd2 Bd6 16. Rfe1 Nf8 17. Rac1 Rec8 18. Qa4 Rxc1 19. Bxc1 Qb7 20. Bd2 Rc8
21. Bc3 b5 22. Qd1 Qc6 23. a3 Bxa3 24. Qa1 Bd6 25. Qa5 Bb7 26. Rc1 Qd7 0-1

[Event "Quebec-ch 1/2 final"]
[Site "Montreal CAN"]
[Date "2003.??.??"]
[Round "3"]
[White "Audet-Bouchard, Nicolas"]
[Black "Cloutier, Mario"]
[Result "1-0"]
[WhiteElo "2128"]
[BlackElo "2001"]
[PlyCount "79"]
[EventDate "2003.06.13"]
[EventType "swiss"]
[EventRounds "5"]
[EventCountry "CAN"]

1. e4 e5 2. Nf3 Nc6 3. Bb5 a6 4. Ba4 Nf6 5. O-O Be7 6. Qe2 b5 7. Bb3 d6 8. c3
O-O 9. h3 Na5 10. Bc2 c5 11. Rd1 Qc7 12. d4 Nc6 13. a4 Rb8 14. axb5 axb5 15.
Na3 Qb7 16. d5 Nd8 17. b4 c4 18. Be3 Ne8 19. Nxc4 Qc7 20. Na3 Qxc3 21. Bd2 Qc7
22. Bd3 f5 23. Nxb5 Qd7 24. exf5 Nf6 25. Ng5 Nxd5 26. Nxh7 Rxf5 27. Ra7 Qe6 28.
Bc4 Nc6 29. Nc7 Nxc7 30. Bxe6+ Nxe6 31. Qe4 Ned4 32. Rc7 Be6 33. Rxe7 Nxe7 34.
Ng5 Bc4 35. Qh4 Ra8 36. Be3 Ne2+ 37. Kh2 d5 38. Qh7+ Kf8 39. Qh8+ Ng8 40. Bc5+
1-0

[Event "Quebec-ch 1/2 final"]
[Site "Montreal CAN"]
[Date "2003.??.??"]
[Round "3"]
[White "Bolduc, Steve"]
[Black "Beaulieu, Eric"]
[Result "0-1"]
[WhiteElo "2296"]
[BlackElo "2137"]
[PlyCount "98"]
[EventDate "2003.06.13"]
[EventType "swiss"]
[EventRounds "5"]
[EventCountry "CAN"]

1. d4 d5 2. c4 e6 3. Nc3 Nf6 4. cxd5 exd5 5. Bg5 Be7 6. e3 O-O 7. Bd3 c6 8.
Nge2 Nbd7 9. Qc2 Re8 10. O-O Nf8 11. Rae1 Nh5 12. Bxe7 Qxe7 13. e4 dxe4 14.
Bxe4 Nf6 15. Bd3 Be6 16. Ng3 Qd6 17. Rd1 Rad8 18. Nge4 Qf4 19. Rfe1 Ng4 20. g3
Qh6 21. f4 Rxd4 22. Nd6 Rxd6 23. Bxh7+ Qxh7 24. Qxh7+ Nxh7 25. Rxd6 Ngf6 26. a3
Kf8 27. b4 Bd5 28. Re5 Rxe5 29. fxe5 Ke7 30. b5 Ne4 31. Nxd5+ cxd5 32. Rxd5
Nhg5 33. b6 axb6 34. Rb5 Nc5 35. Kf2 Nd7 36. Ke3 Ne6 37. h4 Nc7 38. Rb1 Nxe5
39. Kd4 Nc6+ 40. Ke4 b5 41. g4 Na5 42. Rg1 Nc4 43. Rg3 Ne6 44. h5 f6 45. Kf5
Nf8 46. Ke4 Ne6 47. Kf5 Kf7 48. Rd3 Nc5 49. Rd8 Ne3+ 0-1

[Event "Quebec-ch 1/2 final"]
[Site "Montreal CAN"]
[Date "2003.??.??"]
[Round "3"]
[White "Cazelais, Marc"]
[Black "Feoktistov, Dmitri"]
[Result "1/2-1/2"]
[WhiteElo "2186"]
[BlackElo "2304"]
[PlyCount "84"]
[EventDate "2003.06.13"]
[EventType "swiss"]
[EventRounds "5"]
[EventCountry "CAN"]

1. e4 c6 2. c4 d5 3. exd5 cxd5 4. cxd5 Nf6 5. Nc3 Nxd5 6. Nf3 e6 7. d4 Be7 8.
Bd3 O-O 9. O-O Nc6 10. Re1 a6 11. a3 Re8 12. Bc2 b5 13. Nxd5 exd5 14. Bxh7+
Kxh7 15. Qc2+ Kg8 16. Qxc6 Bf5 17. Bf4 Bf6 18. Rxe8+ Qxe8 19. Qxe8+ Rxe8 20.
Be5 Bxe5 21. dxe5 Bg4 22. Re1 Bxf3 23. gxf3 g5 24. Kg2 f6 25. e6 Kg7 26. f4 Kg6
27. fxg5 fxg5 28. Rd1 Rxe6 29. Rxd5 Re2 30. b4 Re6 31. Kg3 Rc6 32. f3 Rc3 33.
a4 bxa4 34. Rd6+ Kf5 35. Rxa6 a3 36. Ra5+ Kg6 37. b5 Rb3 38. Ra6+ Kf5 39. b6 a2
40. Rxa2 Rxb6 41. Ra5+ Kf6 42. Ra4 Kf5 1/2-1/2

[Event "Quebec-ch 1/2 final"]
[Site "Montreal CAN"]
[Date "2003.??.??"]
[Round "3"]
[White "Lemire-Paquin, Alexandre"]
[Black "Lavoie, Benoit"]
[Result "1-0"]
[WhiteElo "1736"]
[BlackElo "1456"]
[PlyCount "65"]
[EventDate "2003.06.13"]
[EventType "swiss"]
[EventRounds "5"]
[EventCountry "CAN"]

1. e4 e5 2. Nf3 d6 3. d4 exd4 4. Qxd4 Nc6 5. Bb5 Bd7 6. Bxc6 Bxc6 7. Nc3 Qf6 8.
Qd3 Ne7 9. Bg5 Qe6 10. Nd4 Qd7 11. O-O-O O-O-O 12. Nxc6 Qxc6 13. Nb5 Kb8 14. e5
d5 15. Nc3 h6 16. Bxe7 Bxe7 17. Nxd5 Bg5+ 18. Kb1 Rhe8 19. Qe4 g6 20. g3 f5 21.
Qd4 h5 22. f4 Bh6 23. Ne7 Qxh1 24. Qxd8+ Rxd8 25. Rxh1 g5 26. Nxf5 Bf8 27. e6
Re8 28. Re1 gxf4 29. gxf4 Bd6 30. Nxd6 cxd6 31. f5 Kc7 32. f6 Kd8 33. Kc1 1-0

[Event "Quebec-ch 1/2 final"]
[Site "Montreal CAN"]
[Date "2003.??.??"]
[Round "3"]
[White "Marcone, Malcom"]
[Black "Michaud, Pierre"]
[Result "0-1"]
[WhiteElo "2048"]
[BlackElo "1315"]
[PlyCount "78"]
[EventDate "2003.06.13"]
[EventType "swiss"]
[EventRounds "5"]
[EventCountry "CAN"]

1. d4 d5 2. Nf3 Nf6 3. c4 e6 4. Nc3 Nbd7 5. cxd5 exd5 6. Bg5 c6 7. e3 Be7 8.
Bd3 h6 9. Bh4 O-O 10. O-O b6 11. Qe2 Re8 12. Rfd1 Bd6 13. Rac1 Bb7 14. Ba6 Bxa6
15. Qxa6 Qc8 16. Qa4 Qb7 17. Qb3 Rac8 18. a3 Qb8 19. Bg3 Ne4 20. Bxd6 Qxd6 21.
Rc2 Ndf6 22. Ne5 Nxc3 23. Qxc3 Ne4 24. Qd3 c5 25. Qa6 Rc7 26. Rdc1 c4 27. f3
Nf6 28. b3 Rec8 29. bxc4 Qe7 30. Qa4 dxc4 31. Rxc4 Rxc4 32. Rxc4 Rxc4 33. Nxc4
Nd5 34. e4 Nf4 35. Kf1 Ne6 36. Ne5 b5 37. Qxb5 Nxd4 38. Qd5 Nc2 39. a4 Ne3+ 0-1

[Event "Quebec-ch 1/2 final"]
[Site "Montreal CAN"]
[Date "2003.??.??"]
[Round "3"]
[White "Ouellet-Leveille, Clement"]
[Black "Gauthier, Denis"]
[Result "0-1"]
[WhiteElo "2003"]
[BlackElo "1888"]
[PlyCount "62"]
[EventDate "2003.06.13"]
[EventType "swiss"]
[EventRounds "5"]
[EventCountry "CAN"]

1. e4 d6 2. d4 Nf6 3. Nc3 g6 4. Be2 Bg7 5. h4 c5 6. dxc5 Qa5 7. Qd3 Qxc5 8. Be3
Qc7 9. Nb5 Qd8 10. e5 dxe5 11. O-O-O Qxd3 12. Bxd3 Na6 13. Nxa7 Bd7 14. Bb5
Bxb5 15. Nxb5 O-O 16. Nf3 Ng4 17. Rd7 Nxe3 18. fxe3 Nc5 19. Rc7 Rxa2 20. Kb1
Rfa8 21. Na3 e4 22. Nd4 Ne6 23. Kxa2 Nxc7 24. c4 Na6 25. Kb3 Nc5+ 26. Kc3 h5
27. Ra1 Bf6 28. b4 Nd3 29. Nac2 Rxa1 30. Nxa1 Bxh4 31. c5 Be1+ 0-1

[Event "Quebec-ch 1/2 final"]
[Site "Montreal CAN"]
[Date "2003.??.??"]
[Round "3"]
[White "Plante, Michel"]
[Black "Dominique, Vladimir"]
[Result "1-0"]
[WhiteElo "1999"]
[BlackElo "1881"]
[PlyCount "105"]
[EventDate "2003.06.13"]
[EventType "swiss"]
[EventRounds "5"]
[EventCountry "CAN"]

1. d4 d5 2. Nf3 Nf6 3. e3 e6 4. Bd3 c5 5. b3 cxd4 6. exd4 Be7 7. O-O O-O 8.
Nbd2 Nc6 9. a3 Qb6 10. Bb2 Bd7 11. Re1 Rac8 12. Nf1 Na5 13. Qe2 Nc4 14. Bc1 Nd6
15. Ng3 Bb5 16. Bb2 Bxd3 17. Qxd3 Qb5 18. Qe2 Rc7 19. Rac1 Rfc8 20. a4 Qxe2 21.
Rxe2 Nde4 22. Nxe4 Nxe4 23. g3 Nf6 24. Ne1 Bb4 25. Kf1 Ng4 26. f3 Nf6 27. c3 g6
28. Rec2 Bf8 29. Nd3 a5 30. c4 Bh6 31. f4 Ng4 32. Ke2 Bg7 33. c5 Nh6 34. Bc3
Nf5 35. Ne5 Bxe5 36. fxe5 h5 37. Kd3 Ra8 38. Be1 Ne7 39. h3 Nc6 40. Rg2 Kg7 41.
g4 Rh8 42. Bh4 Rh7 43. Bf6+ Kf8 44. Rg3 hxg4 45. hxg4 Ke8 46. Rf1 Ne7 47. Rff3
Ng8 48. Bg5 Kf8 49. Bd8 Rc8 50. Bxa5 Kg7 51. Rh3 Ne7 52. Rxh7+ Kxh7 53. Rxf7+
1-0

[Event "Quebec-ch 1/2 final"]
[Site "Montreal CAN"]
[Date "2003.??.??"]
[Round "3"]
[White "Trottier, Yves"]
[Black "Papineau (Granby), Daniel"]
[Result "0-1"]
[WhiteElo "2093"]
[BlackElo "1907"]
[PlyCount "62"]
[EventDate "2003.06.13"]
[EventType "swiss"]
[EventRounds "5"]
[EventCountry "CAN"]

1. e4 d5 2. exd5 Nf6 3. c4 e6 4. Nc3 exd5 5. d4 Bb4 6. Nf3 O-O 7. Bd3 dxc4 8.
Bxc4 Bg4 9. O-O Nc6 10. Be3 a6 11. Kh1 Qc8 12. Nd5 Nxd5 13. Bxd5 Qf5 14. Qb3
Bd6 15. Bxc6 bxc6 16. Ne5 Be2 17. Rfc1 Qh5 18. h3 Kh8 19. Qc2 f6 20. Nd3 Bf3
21. Kg1 Be4 22. Nf4 Qf5 23. Qd2 g5 24. g4 Qd7 25. Nd3 Qg7 26. Nc5 Bd5 27. Rf1
Qh6 28. f3 Qxh3 29. Kf2 Qxf3+ 30. Ke1 Bg3+ 31. Bf2 Rae8+ 0-1

[Event "Quebec-ch 1/2 final"]
[Site "Montreal CAN"]
[Date "2003.??.??"]
[Round "4"]
[White "Beaulieu, Eric"]
[Black "Audet-Bouchard, Nicolas"]
[Result "1-0"]
[WhiteElo "2137"]
[BlackElo "2128"]
[PlyCount "53"]
[EventDate "2003.06.13"]
[EventType "swiss"]
[EventRounds "5"]
[EventCountry "CAN"]

1. d4 Nf6 2. c4 e6 3. Nf3 c5 4. Nc3 cxd4 5. Nxd4 Bb4 6. g3 Nc6 7. Bg2 a6 8. O-O
Qb6 9. Nxc6 bxc6 10. Na4 Qc7 11. c5 d5 12. a3 Ba5 13. b4 Qe5 14. Bb2 Qg5 15.
bxa5 h5 16. Nb6 h4 17. Bxf6 gxf6 18. Nxa8 e5 19. f4 Qh5 20. Kf2 e4 21. Rb1 Qg6
22. Rb8 hxg3+ 23. hxg3 Kd8 24. Qb3 d4 25. Qb6+ Ke7 26. Qc7+ Ke6 27. Qd6+ 1-0